Normal view
MARC view
Entry Personal Name
001 - CONTROL NUMBER
- control field: 25621
003 - CONTROL NUMBER IDENTIFIER
- control field: ARRUPE
005 - DATE AND TIME OF LATEST TRANSACTION
- control field: 20160913085451.0
008 - FIXED-LENGTH DATA ELEMENTS
- fixed length control field: 160913|| aca||aabn | a|a d
040 ## - CATALOGING SOURCE
- Original cataloging agency: ARRUPE
- Transcribing agency: ARRUPE
100 ## - HEADING--PERSONAL NAME
- Personal name: Wolfers, Michael,
- Dates associated with a name: 1938-2014.
670 ## - SOURCE DATA FOUND
- Source citation: Work cat.: (ARRUPE)0: Wolfers, Michael, 1938-2014., Angola in the frontline /, 1983.